| 000 | 00365 a2200133 4500 | ||
|---|---|---|---|
| 001 | 88247 | ||
| 082 | _aPR 462 | ||
| 090 |
_c41661 _d41661 |
||
| 100 | _aMalik M Imran | ||
| 245 | _aStudy of fracture mechanics and crack growth on thin plates with edge crack on them | ||
| 260 |
_aRisalpur _bNUST Risalpur _c1999 |
||
| 300 | _aix, 83p. | ||
| 500 | _aBE Project Reports | ||
| 942 |
_aCAE NUST _kPR 462 |
||
| 999 |
_c323320 _d323320 |
||